000 00570nam a2200193 i 4500
001 130472
003 ES-MaACL
007 t|
008 070730s1955 sp ||||1| spa d
100 1 _aZapatero Ballesteros, Emilio.
_9118010
245 1 0 _aSinopsis de higiene y sanidad /
_cpor Emilio Zapatero Ballesteros.
250 _a2ª ed.
260 _a[Santander :
_bAldus],
_c1955.
300 _a550 p. ;
_c22 cm.
650 1 7 _aMedicina preventiva
_2embne
_914936
650 1 4 _aSalud pública.
_916973
852 _aES-MaACL
_jC-9976
_bR.38240
999 _c130472
_d130472